书目信息 |
| 题名: |
数字电子技术基础简明教程第三版全程导学及习题全解
|
|
| 作者: | 郑德智 主编 | |
| 分册: | ||
| 出版信息: | 北京 中国时代经济出版社 2007.09 |
|
| 页数: | 164页 | |
| 开本: | 24cm | |
| 丛书名: | 21世纪高等院校经典教材同步辅导电子电工、电气信息系列丛书 | |
| 单 册: | ||
| 中图分类: | TN79 | |
| 科图分类: | ||
| 主题词: | 数字电路--shu zi dian lu--电子技术--高等学校--教学参考资料 | |
| 电子资源: | ||
| ISBN: | 978-7-80221-382-1 | |
| 000 | 01156nam 2200253 450 | |
| 001 | 012008756078 | |
| 005 | 20080114160336.57 | |
| 010 | @a978-7-80221-382-1@dCNY13.00 | |
| 100 | @a20080114d2007 em y0chiy0120 ea | |
| 101 | 0 | @achi |
| 102 | @aCN@b110000 | |
| 105 | @ay z 000yy | |
| 106 | @ar | |
| 200 | 1 | @a数字电子技术基础简明教程第三版全程导学及习题全解@Ashu zi dian zi ji shu ji chu jian ming jiao cheng di san ban quan cheng dao xue ji xi ti quan jie@f郑德智主编@Fzheng de zhi zhu bian |
| 210 | @a北京@c中国时代经济出版社@d2007.09 | |
| 215 | @a164页@d24cm | |
| 225 | 2 | @a21世纪高等院校经典教材同步辅导电子电工、电气信息系列丛书@A21 shi ji gao deng yuan xiao jing dian jiao cai tong bu fu dao dian zi dian gong、dian qi xin xi xi lie cong shu |
| 330 | @a全书共七章与教材相对应,每章分为四部分,分别为本章知识要点概述、典型例题讲解、自我检查题解答和习题全解。 | |
| 410 | 0 | @12001 @a21世纪高等院校经典教材同步辅导电子电工、电气信息系列丛书 |
| 606 | 0 | @a数字电路@Ashu zi dian lu@x电子技术@x高等学校@j教学参考资料 |
| 690 | @aTN79@v4 | |
| 701 | 0 | @a郑德智@Azheng de zhi@4主编 |
| 801 | 0 | @aCN@bQSSK@c20080114 |
| 905 | @b278778-80@dTN79@eZ429@f3 | |
| 数字电子技术基础简明教程第三版全程导学及习题全解/郑德智主编.-北京:中国时代经济出版社,2007.09 |
| 164页;24cm.-(21世纪高等院校经典教材同步辅导电子电工、电气信息系列丛书) |
| ISBN 978-7-80221-382-1:CNY13.00 |
| 全书共七章与教材相对应,每章分为四部分,分别为本章知识要点概述、典型例题讲解、自我检查题解答和习题全解。 |
| ● |
| 相关链接 |
|
|
|
正题名:数字电子技术基础简明教程第三版全程导学及
索取号:TN79/Z429
 
预约/预借
| 序号 | 登录号 | 条形码 | 馆藏地/架位号 | 状态 | 备注 |
| 1 | 278778 | 202787788 | 自科二线404/301自科库 25排2列2层/ [索取号:TN79/Z429] | 在馆 | |
| 2 | 278779 | 202787797 | 自科库301/301自科库 32排4列2层/ [索取号:TN79/Z429] | 在馆 | |
| 3 | 278780 | 202787804 | 自科库301/301自科库 32排4列2层/ [索取号:TN79/Z429] | 在馆 |